Sexo con amor
Shranjeno v:
| Glavni avtor: | |
|---|---|
| Format: | Knjiga |
| Jezik: | španščina |
| Izdano: |
Santiago
Ediciones Universidad Mayor
2008
Santiago Ocho Libros Editores 2008 |
| Izdaja: | 1a. ed |
| Serija: | Guiones Cinematográficos Chilenos, 5
|
| Teme: | |
| Oznake: |
Označite
Brez oznak, prvi označite!
|
MARC
| LEADER | 00000cam a2200000 a 4500 | ||
|---|---|---|---|
| 001 | UCE7568 | ||
| 003 | CL-VaPUC | ||
| 008 | 150626e20080000cl |||||||||||||||||spa|d | ||
| 020 | |a 9789568018696 | ||
| 082 | 0 | 4 | |a 791.430983 |b QUE |2 21 |
| 100 | 0 | |a Quercia, Boris |e author |9 580232 | |
| 245 | 1 | 0 | |a Sexo con amor |
| 250 | |a 1a. ed | ||
| 300 | |a 130 p | ||
| 942 | |c BK | ||
| 945 | |d 20150626 15:30:00 |a dcastane | ||
| 260 | |a Santiago |b Ediciones Universidad Mayor |c 2008 | ||
| 260 | |a Santiago |b Ocho Libros Editores |c 2008 | ||
| 650 | 0 | |a Guiones cinematográficos |9 266811 | |
| 650 | 0 | |a Cine chileno |9 265165 | |
| 583 | |a last modification |c 20150626 15:30:00 |k Rodrigo Vera | ||
| 490 | 0 | |a Guiones Cinematográficos Chilenos, 5 | |
| 999 | |c 359625 |d 359623 | ||
| 952 | |0 0 |1 0 |3 erb |4 0 |6 791_430983000000000_QUE_2008_2008 |7 0 |8 A |9 469015 |a FDOSRS |b FDOSRS |i 5164915 |o 791.430983 QUE 2008 2008 |p 5164915 |r 2025-03-13 |w 2019-11-23 |y BK |z Catalogado en:20150626 |k SRS | ||